000 00445cam a2200169ua 4500
020 _a81-224-0283-6
_c115.00
041 _aeng
_h
082 _a530.15
_bCHA/MA
100 _aChattopadhyay, P K .
245 _aMathematical physics /
_cP K Chattopadhyay.
_hTextual Documents
260 _aNew Delhi :
_bNew Age International Ltd ,
_c1996.
300 _a352 ; .
365 _a115.00
504 _a
942 _cBK
999 _c7156
_d7156